| 000 | 00000nam##2200000za#4500 |
| 001 | 9.581613 |
| 003 | CaOODSP |
| 005 | 20210624191611 |
| 007 | cr ||||||||||| |
| 008 | 150406|2015||||xxc|||||o f|0| 0 eng|d |
| 040 | |aCaOODSP|beng |
| 043 | |an-cn--- |
| 086 | 1 |aRv55-5/8-2-25-2015E-PDF |
| 110 | 2 |aCanada Border Services Agency. |
| 245 | 10|aCanadian vessels repaired or altered in the United States, Mexico, Israel or another CIFTA beneficiary, Colombia, Costa Rica, Peru, Jordan, Panama, Iceland, Liechtenstein, Switzerland or Norway |h[electronic resource] |
| 260 | |aOttawa - Ontario : |bCanada Border Services Agency |
| 300 | |a3p.|breferences |
| 490 | 1 |aCustoms D memoranda. D8, Remissions and temporary importation |vD8-2-25, March 20, 2015 |
| 500 | |a"Superseded Memorandum D D8-2-25 dated June 29, 1998" |
| 590 | |a15-13|b2015-03-27 |
| 775 | 08|tBateaux canadiens réparés ou modifiés aux États-Unis, au Mexique, au Chili, en Israël ou dans un autre pays bénéficiaire de l'ALÉCI, en Colombie, au Costa Rica, au Pérou, en Jordanie, au Panama, en Islande, au Liechtenstein, en Suisse ou en Norvège |w(CaOODSP)9.608385 |
| 830 | #0|aCustoms D memoranda. D8, Remissions and temporary importation ;|vD8-2-25, March 20, 2015|w(CaOODSP)9.816825 |
| 856 | 40|ahttp://publications.gc.ca|qPDF|s63 KB|uhttps://publications.gc.ca/collections/collection_2015/asfc-cbsa/Rv55-5-8-2-25-2015-eng.pdf|yD8-2-25, March 20, 2015 |